[Event "SUI-ch Rapid"]
[Site "Biel"]
[Date "2023.07.30"]
[Round "2"]
[White "Thaler, Matthias"]
[Black "Tcheau, Alain"]
[Result "1-0"]
[WhiteElo "2201"]
[BlackElo "1985"]
[PlyCount "41"]
[EventDate "2023.07.30"]
[EventType "swiss (rapid)"]
[EventRounds "9"]
[EventCountry "SUI"]
[SourceTitle "CBM 215 Extra"]
[Source "ChessBase"]
[SourceDate "2023.09.30"]
[SourceVersion "1"]
[SourceVersionDate "2023.09.30"]
[SourceQuality "1"]

1. d4 d5 2. Bf4 e6 3. e3 Bd6 4. Nf3 Bxf4 5. exf4 Nc6 6. c3 Bd7 7. Nbd2 Nf6 8. Bd3 Qe7 9. 0-0 0-0 10. Re1 Rfe8 11. Ne5 Kh8 12. Re3 Nxe5 13. fxe5 Ng8 14. Rh3 f5 15. exf6 Nxf6 16. Re3 Qf7 17. Nf3 Ng4 18. Re2 Qf4 19. h3 Nf6 20. Ne5 Rad8 21. g3 1-0

[Event "SUI-ch Blitz"]
[Site "Biel"]
[Date "2023.07.29"]
[Round "2"]
[White "Tcheau, Alain"]
[Black "Masserey, Yvan"]
[Result "0-1"]
[WhiteElo "1985"]
[BlackElo "2235"]
[PlyCount "68"]
[EventDate "2023.07.29"]
[EventType "swiss (blitz)"]
[EventRounds "13"]
[EventCountry "SUI"]
[SourceTitle "CBM 215 Extra"]
[Source "ChessBase"]
[SourceDate "2023.09.30"]
[SourceVersion "1"]
[SourceVersionDate "2023.09.30"]
[SourceQuality "1"]

1. d4 d5 2. Nc3 Nf6 3. e3 c5 4. dxc5 e6 5. Nf3 Bxc5 6. Bd3 Nc6 7. Qe2 0-0 8. Bd2 e5 9. e4 d4 10. Na4 Bd6 11. b3 h6 12. 0-0 Be6 13. Nb2 Nd7 14. Nc4 Bc7 15. Rad1 Qe7 16. c3 dxc3 17. Bxc3 Bg4 18. Ncd2 Rad8 19. Bc4 Nb6 20. Bb5 Nd4 21. Bxd4 exd4 22. Bd3 Rfe8 23. Rfe1 a6 24. Qf1 Nd7 25. Rc1 Ne5 26. Be2 d3 27. Bd1 Ba5 28. Re3 Bb6 29. Re1 Bxf3 30. Bxf3 Nxf3+ 31. gxf3 Qg5+ 32. Qg2 Qxd2 33. Kh1 Qxf2 34. Qxf2 Bxf2 0-1

[Event "SUI-ch op2"]
[Site "Luzern"]
[Date "1994.07.20"]
[Round "5"]
[White "Goeldi, Hans"]
[Black "Tcheau, Alain"]
[Result "0-1"]
[WhiteElo "1833"]
[BlackElo "1773"]
[PlyCount "80"]
[EventDate "1994.07.16"]
[EventType "swiss"]
[EventRounds "7"]
[EventCountry "SUI"]
[SourceTitle "EXT 1999"]
[Source "ChessBase"]
[SourceDate "1998.11.16"]
[SourceVersion "1"]
[SourceVersionDate "1998.11.16"]
[SourceQuality "1"]

1. e4 c6 2. d4 d5 3. e5 Bf5 4. Bd3 Bg6 5. e6 Bxd3 6. exf7+ Kxf7 7. Qxd3 Qd6 8. f4 Qe6+ 9. Be3 g6 10. Nf3 Bh6 11. Ne5+ Ke8 12. Nd2 Qf5 13. Qb3 Qc8 14. 0-0 Nd7 15. Ndf3 Ngf6 16. Rae1 Ne4 17. f5 Bxe3+ 18. Qxe3 gxf5 19. Qh6 Ndf6 20. Qg7 Rf8 21. Nh4 e6 22. c4 Rb8 23. cxd5 Qd8 24. Nhf3 Qxd5 25. Rxe4 fxe4 26. Qg3 exf3 27. Nxf3 Rd8 28. Re1 Qd6 29. Qh3 Kd7 30. b4 Rde8 31. Ne5+ Kc7 32. Qc3 Nd5 33. Qh3 Qxb4 34. Qg3 Qxd4+ 35. Kh1 Qf4 36. Qd3 Rf5 37. Nf3 Re7 38. Qa3 Qb4 39. Qc1 Qc3 40. Qb1 Rxf3 0-1